000 00258nam a22001217a 4500
008 171127b xxu||||| |||| 00| 0 eng d
041 _aeng
080 _212 ED
_a575
100 _a5
101 _aBIO
245 _aBIOCHIMESTRY
_cMARTIN.D.W
942 _2udc
_cBK
999 _c38526
_d38526